00794nam a2200169 i 450000100060000000300090000600500170001500700030003200800410003510000190007624502020009526000530029730000720035050001150042265000290053785200580056629378ES-MaACL20250822235426.0t|030121s1867 fr ||||1| fre d1 aBarre, Albert.10aGraveurs généraux et particuliers des monnaies de France b: controleurs généraux des effigies : noms de quelques graveurs en médailles de la renaissance française / cpar Albert Barre. aParís : b[s.n.], c1867 (fImp. de A. Pillet) a35 p. : b[1] lám. de grab. : retrato de J.-J. Barré ; c29 cm. aEn port.: Extrait de l'"Annuaire de la Société française de numismatique et d'archéologie". 1866-1867.07aMedallas antiguas2embne aES-MaACLjT-1088-F-14 z.- Firma manuscrita del autor